000 00415nam a2200181Ia 4500
001 10133
005 20260306161809.0
008 260306t1982||||xx |||||||||||||| ||spa||
041 _aESP
082 _a901
_bH21
100 _aHandlin, Oscar,
_eAUT
245 0 _aLa verdad en la historia
260 _c1982
300 _a427 páginas :
_c23 cm.
650 _aGEN
654 _aCHU
942 _cLIB
_dJUS
_fJUS
_2ddc
_n
999 _c10133
_d10133